Most Appearances & Goals at the FIFA World Cup for Mexico - Statistics

General Stats
  • This quiz has been taken 61 times
  • The average score is 9 of 22
Answer Stats
Answer % Correct
Javier Hernández
98%
Luis Hernandez
98%
Rafael Marquez
85%
Guillermo Ochoa
83%
Andrés Guardado
72%
Cuauhtemoc Blanco
64%
Héctor Herrera
49%
Jared Borgetti
47%
Giovani dos Santos
40%
Carlos Salcido
38%
Francisco Rodríguez
36%
Héctor Moreno
36%
Luis Garcia
36%
Antonio Carbajal
32%
Gerardo Torrado
28%
Omar Bravo
26%
Alberto García Aspe
19%
Salvador Reyes
17%
Manuel Rosas
11%
Fernando Quirarte
9%
Javier Valdivia
9%
Ricardo Pelaez Linares
6%
No matching quizzes found
Score Distribution
Percent of People with Each Score
Percentile by Number Answered
Your Score History
You have not taken this quiz